| 000 | 01705nam a22004571a 4500 | ||
|---|---|---|---|
| 999 |
_c12043 _d12043 |
||
| 001 | 12043 | ||
| 003 | BD-JhCC | ||
| 005 | 20221128134022.0 | ||
| 006 | a || d | | ||
| 007 | ta | ||
| 008 | 210309s20152013enka jo| 000|||eng|d | ||
| 015 |
_aGBB4D4676 _2bnb |
||
| 020 | _a9780141353074 | ||
| 035 | _a(BD-JhCC)12043 | ||
| 037 |
_aPenguinGroup386698 _bIngram Content Group |
||
| 040 |
_aStDuBDS _beng _erda _epn _cStDuBDS _dUk _dBD-JhCC |
||
| 042 | _aukblsr | ||
| 082 | 0 | 4 |
_a813.6 _223 _bKIN 2015 |
| 100 | 1 |
_aKinney, Jeff, _eauthor. |
|
| 245 | 1 | 0 |
_aDiary of a wimpy kid : _bhard luck / _cby Jeff Kinney. |
| 264 | 1 |
_aLondon : _bPuffin, _c2015. |
|
| 300 |
_a233 p. : _billustrations (black and white). |
||
| 336 |
_atext _2rdacontent |
||
| 336 |
_astill image _2rdacontent |
||
| 337 |
_acomputer _2rdamedia |
||
| 338 |
_aonline resource _2rdacarrier |
||
| 490 | 0 |
_aDiary of a wimpy kid ; _v8 |
|
| 500 | _aOriginally published: 2013. | ||
| 500 | _aAcademic | ||
| 506 | 1 |
_aLegal Deposit; _cOnly available on premises controlled by the deposit library and to one user at any one time; _eThe Legal Deposit Libraries (Non-Print Works) Regulations (UK). _5UkOxU |
|
| 521 | 1 | _a9+. | |
| 540 |
_aRestricted: Printing from this resource is governed by The Legal Deposit Libraries (Non-Print Works) Regulations (UK) and UK copyright law currently in force. _5UkOxU |
||
| 588 | _aDescription based on CIP data; item not viewed. | ||
| 650 | 0 |
_aHeffley, Greg (Fictitious character) _vJuvenile fiction. |
|
| 655 | 0 | _aDiary fiction. | |
| 655 | 0 | _aChildren's stories. | |
| 776 | 0 | 8 |
_iPrint version: _z9780141355481 |
| 942 |
_2ddc _cBK _06 |
||